| Tag |
First Indicator |
Second Indicator |
Subfields |
| LEADER |
00000cam a2200000 i 4500 |
| 001 |
in00004404513 |
| 005 |
20211018100751.0 |
| 006 |
m o d |
| 007 |
cr cnu---unuuu |
| 008 |
200910t20212021enka ob 001 0 eng |
| 010 |
|
|
|a 2020040232
|
| 020 |
|
|
|a 9781108526104
|q electronic publication
|
| 020 |
|
|
|a 1108526101
|q electronic publication
|
| 020 |
|
|
|z 9781108423458
|q hardcover
|
| 020 |
|
|
|z 9781108437578
|q paperback
|
| 024 |
8 |
|
|a 40030545279
|
| 035 |
|
|
|a (DLC)ybp15307164
|
| 040 |
|
|
|a NhCcYBP
|c NhCcYBP
|d UtOrBLW
|
| 042 |
|
|
|a pcc
|
| 050 |
|
4 |
|a GE70
|b .I93 2021
|
| 082 |
0 |
0 |
|a 550.72
|2 23
|
| 100 |
1 |
|
|a Ivanochko, Tara,
|d 1972-
|e author.
|0 http://id.loc.gov/authorities/names/n2020051246
|
| 245 |
1 |
0 |
|a Think, do, and communicate environmental science /
|c Tara Ivanochko, University of British Columbia.
|
| 264 |
|
1 |
|a Cambridge, United Kingdom ;
|a New York, NY :
|b Cambridge University Press,
|c 2021.
|
| 264 |
|
4 |
|c ©2021
|
| 300 |
|
|
|a 1 online resource.
|
| 336 |
|
|
|a text
|b txt
|2 rdacontent
|
| 337 |
|
|
|a computer
|b c
|2 rdamedia
|
| 338 |
|
|
|a online resource
|b cr
|2 rdacarrier
|
| 504 |
|
|
|a Includes bibliographical references and index.
|
| 588 |
|
|
|a Description based on online resource; title from digital title page (viewed on May 19, 2021).
|
| 500 |
|
|
|a Electronic resource.
|
| 650 |
|
0 |
|a Environmental sciences
|x Research.
|
| 650 |
|
0 |
|a Environmental sciences
|x Research
|x Methodology.
|
| 650 |
|
0 |
|a Environmental sciences
|x Research
|x Data processing.
|
| 650 |
|
0 |
|a Environmental literature.
|0 http://id.loc.gov/authorities/subjects/sh85044191
|
| 650 |
|
0 |
|a Technical writing.
|0 http://id.loc.gov/authorities/subjects/sh85133137
|
| 655 |
|
7 |
|a Electronic books.
|2 local
|
| 710 |
2 |
|
|a Cambridge University Press.
|0 http://id.loc.gov/authorities/names/n50059133
|
| 776 |
1 |
8 |
|i Print version:
|a Ivanochko, Tara, 1972-
|t Think, do, and communicate environmental science
|d Cambridge, UK ; New York, NY : Cambridge University Press, 2021.
|z 9781108423458
|w (DLC) 2020040231
|
| 856 |
4 |
0 |
|u http://proxy.library.tamu.edu/login?url=https://doi.org/10.1017/9781108526104
|z Connect to the full text of this electronic book
|t 0
|
| 945 |
|
|
|b 908289
|
| 955 |
|
|
|a YBP purchased approval e-records
|
| 980 |
|
|
|b 215.00
|g 1
|
| 999 |
f |
f |
|s 2b67fa82-b74b-3361-aaa7-d5eec30e4d9d
|i 512ea73e-690e-3554-9d75-08753d0d6eea
|t 0
|
| 952 |
f |
f |
|a Texas A&M University
|b College Station
|c Electronic Resources
|d Available Online
|t 0
|e GE70 .I93 2021
|h Library of Congress classification
|
| 998 |
f |
f |
|a GE70 .I93 2021
|t 0
|l Available Online
|